MARC

LEADER 00000nam0a2200000 4500
001 337626
005 20231102004953.0
035 |a (RuTPU)RU\TPU\book\364114 
035 |a RU\TPU\book\364112 
090 |a 337626 
100 |a 20171109d1980 k y0rusy5003 ca 
101 0 |a rus 
102 |a RU 
105 |a a z 001zy 
200 1 |a Вопросы технической диагностики  |e межвузовский сборник  |f Ростовский инженерно-строительный институт ; под ред. М. А. Фалькович 
210 |a Ростов-на-Дону  |c Изд-во РИСИ  |d 1980 
215 |a 185 с.  |c ил. 
320 |a Библиогр. в конце ст. 
606 1 |a Техническая диагностика  |2 stltpush  |3 (RuTPU)RU\TPU\subj\60044 
610 1 |a диагностирование 
610 1 |a надежность 
610 1 |a оценка 
610 1 |a технические системы 
610 1 |a контрольные посты 
610 1 |a размещение 
610 1 |a сложные системы 
610 1 |a функциональный контроль 
610 1 |a тесты 
610 1 |a неисправности 
610 1 |a поиск 
610 1 |a интервальный контроль 
610 1 |a прогнозирование 
610 1 |a программная диагностика 
675 |a 681.518.54  |z rus  |v 3 
702 1 |a Фалькович  |b М. А.  |4 340 
712 0 2 |a Ростовский инженерно-строительный институт  |2 stltpush  |3 (RuTPU)RU\TPU\col\10045  |9 24785 
801 0 |a RU  |b 63413507  |c 19950417  |g psbo 
801 1 |a RU  |b 63413507  |c 20140930 
801 2 |a RU  |b 63413507  |c 20181024  |g RCR 
942 |c BK